000 00825nam a2200277Ia 4500
003 OSt
005 20221006142441.0
006 a|||||r|||| 00| 0
007 ta
008 221006b |||||||| |||| 00| 0 eng d
020 _a9784924971066
_c¥3000
024 _a6,376
037 _bGift, Japan Foundation
_cTextual
040 _aEASL
_cEASL
_beng
041 _2eng
_aeng
082 _aY2.42, N6
100 _aEMIKO Ochiai
_9647739
245 0 _aJapanese family system in transition
_b a sociological analysis of family change in postwar Japan
260 _aJapan
_bLTCB
_c1996
300 _a197p.
_ccm.
490 _v JEL
650 _a Two Child Revolution - Japan
_9647740
650 _aJEL
942 _hY2.42, N6
_cTEXL
_2CC
999 _c1074462
_d1074462